LEADER 01164nam a2200265 a 4500 001 000000131886 003 CaOOAMICUS 005 20121205105105.0 008 121205s1962 it u000 u ita r 040 $aPUL$bita 100 1 $aEmerson, Ralph Waldo,$d1803-1882.$0(OLS)http://pul/name/43748 245 10$aAntologia degli scritti politici di Ralph Waldo Emerson /$ca cura di Antonio Santucci. 260 $aBologna :$bIl Mulino,$c©1962. 300 $a207 p. ;$c18 cm 490 1 $aClassici della democrazia moderna ;$v18 600 14$aEmerson, Ralph Waldo,$d1803-1882,$xPensiero politico.$0(OLS)http://pul/subject/39201 700 1 $aSantucci, Antonio,$d1926-$0(OLS)http://pul/name/5585 830 0$aClassici della democrazia moderna ;$v18.$0(OLS)http://pul/title/156128 850 $aPUL 852 $aPUL$W1$xDP1 Fondo E. Rossi$y115$m1 E 18$j151951$qFondi$B151141$CPULBib$Z2$F151141 $82 941 1 $a1 961 $aSul dorso collocazione ms. di E. Rossi: E 12 996 $6245$aAntologia degli scritti politici di Ralph Waldo Emerson$9(OLS)http://pul/title/166631 996 $6260$aBologna :$bIl Mulino$9(OLS)http://pul/publisher/47928 LEADER 01615nam a2200349 a 4500 001 000000137132 003 CaOOAMICUS 005 20150924114602.0 008 140127s2003 it af u000 u ita r 020 $a88-04-50785-3 040 $aPUL$bita 082 04$a197 100 1 $aFlorenskij, Pavel Aleksandrovi?,$d1882-1937.$0(OLS)http://pul/name/12952 245 10$aAi miei figli :$bmemorie di giorni passati /$cPavel A. Florenskij ; a cura di Natalino Valentini e Lubomír Zák. 260 $aMilano :$bA. Mondadori,$c2003. 300 $a396 p., [8] c. di tav.$bill.$c19 cm 490 1 $aUomini e religioni 600 14$aFlorenskij, Pavel Aleksandrovic,$d1882-1937.$0(OLS)http://pul/subject/18012 650 4$aFilosofia russa$ySec. XIX-XX.$0(OLS)http://pul/subject/9376 700 1 $aValentini, Natalino,$d1960-$0(OLS)http://pul/name/28421 700 1 $aZak, Lubomír,$d1964-$0(OLS)http://pul/name/32062 830 0$aUomini e religioni.$0(OLS)http://pul/title/65531 850 $aPUL 852 $aPUL$W1$xDP1 Fondo S. Lanza$y121$m9 A 12$j44558$qFondi$B169656$CPULBib$Z2$F169656 $HLAN1708 $82 852 $aPUL$W1$xDP2 Filosofia 3$y112$m197 FLOPA 4$j158145$qDDC 21$B157564$CPULBib$Z2$F157564 $H92645 $82 941 1 $a9 941 1 $a1 996 $6020$a88-04-50785-3$9(OLS)http://pul/number/154364 996 $6082$a197$9(OLS)http://pul/classification/1995 996 $6245$aAi miei figli :$bmemorie di giorni passati$9(OLS)http://pul/title/173601 996 $6260$aMilano :$bA. Mondadori$9(OLS)http://pul/publisher/48249